00551nam a2200169Ia 4500020000900000082001700009100003500026245004800061260003600109300001000145500002000155650004000175650003600215650003100251650004200282710005700324 a714a a351.072 SUR; aNew Delhi. Indian Council of S 0aSurvey of research in public administration aBombaybAllied Publishersc1975 a556p. aContents: Vol.2 aAgricultural administration - India aIndia - Politics and government aAdministrative law - India aPublic welfare administration - India aNew Delhi. Indian Council of Social Science Research